| 000 | 00345nam a22001337a 4500 | ||
|---|---|---|---|
| 999 |
_c55043 _d55043 |
||
| 008 | 200205b ||||| |||| 00| 0 eng d | ||
| 041 | _aeng | ||
| 080 |
_2043.3 _a043.3 |
||
| 082 | _a043.3 | ||
| 100 | _a0 | ||
| 101 | _aMTH | ||
| 245 |
_aMigration of Data and Applications from Sharepoint 2013 to Sharepoint Online _cKaçiu,A |
||
| 942 |
_2udc _cBK |
||